Surveying Vol. I (Record no. 7491)

000 -LEADER
fixed length control field 01193nam a22002057a 4500
003 - CONTROL NUMBER IDENTIFIER
control field OSt
005 - DATE AND TIME OF LATEST TRANSACTION
control field 20200311043313.0
008 - FIXED-LENGTH DATA ELEMENTS--GENERAL INFORMATION
fixed length control field 200311b ||||| |||| 00| 0 eng d
020 ## - INTERNATIONAL STANDARD BOOK NUMBER
International Standard Book Number 9788170088530
082 ## - DEWEY DECIMAL CLASSIFICATION NUMBER
Classification number 526.9
Item number PUM
100 ## - MAIN ENTRY--PERSONAL NAME
Personal name Punmia, B.C
245 ## - TITLE STATEMENT
Title Surveying Vol. I
250 ## - EDITION STATEMENT
Edition statement 17th ed.
260 ## - PUBLICATION, DISTRIBUTION, ETC. (IMPRINT)
Name of publisher, distributor, etc Laxmi Publications (P) Ltd
300 ## - PHYSICAL DESCRIPTION
Extent xvi, 520 pp.
505 ## - FORMATTED CONTENTS NOTE
Formatted contents note Fundamentals Defintions and Concepts<br/>2. Accuracy and Errors<br/>3. Linear Measurements<br/>4. Chain Surveying<br/>5. The Compass<br/>6. The Theodolite<br/>7. Traverse Surveying<br/>8. Omitted Measurement<br/>9. Levelling<br/>10. Contouring<br/>11. Plane Table Surveying<br/>12. Calculation of Area<br/>13. Measurement of Volume<br/>14. Minor Instruments<br/>15. Trigonometrical Levelling<br/>16. Permanent Adjustments of Levels<br/>17. Precise Levelling<br/>18. Permanent Adjustments of Theodolite<br/>19. Precise Theodolites<br/>20. Setting Out Works<br/>21. Special Instruments<br/>22. Tacheometric Surveying<br/>23. Electronic Theodolites<br/>24. Electro-Magnetic Distance Measurement (EDM)<br/>Appendix<br/>Index<br/>Subjects:<br/>Civil,Engineering and Technology
700 ## - ADDED ENTRY--PERSONAL NAME
Personal name Jain, Arun Kumar
700 ## - ADDED ENTRY--PERSONAL NAME
Personal name Jain, A. K.
942 ## - ADDED ENTRY ELEMENTS (KOHA)
Source of classification or shelving scheme
Holdings
Withdrawn status Lost status Source of classification or shelving scheme Damaged status Koha normalized classification for sorting Not for loan Permanent location Current location Date acquired Full call number Barcode Date last seen Price effective from Koha item type
        526_900000000000000_PUM   BMS College of Architecture, Design and Planning BMS College of Architecture, Design and Planning 2020-03-11 526.9 PUM AR-BB6 2020-03-11 2020-03-11 Book Bank
        526_900000000000000_PUM   BMS College of Architecture, Design and Planning BMS College of Architecture, Design and Planning 2020-03-11 526.9 PUM AR-BB7 2020-03-11 2020-03-11 Book Bank
        526_900000000000000_PUM   BMS College of Architecture, Design and Planning BMS College of Architecture, Design and Planning 2020-03-11 526.9 PUM AR-BB8 2020-03-11 2020-03-11 Book Bank
        526_900000000000000_PUM   BMS College of Architecture, Design and Planning BMS College of Architecture, Design and Planning 2020-03-11 526.9 PUM AR-BB9 2020-03-11 2020-03-11 Book Bank
        526_900000000000000_PUM   BMS College of Architecture, Design and Planning BMS College of Architecture, Design and Planning 2020-03-11 526.9 PUM AR-BB10 2020-03-11 2020-03-11 Book Bank
Copyright © 2025, The Librarian, Library and Information Centre, BMSCA D&P, Bengaluru. All Rights Reserved
web counter

Powered by Koha